most premier league cleansheets - Statistics

General Stats
  • This quiz has been taken 21 times
  • The average score is 9 of 15
Answer Stats
Clean Sheets Answer % Correct
202 Petr Cech
89%
132 Edwin van der Sar
83%
147 David de Gea
78%
117 Ederson
67%
128 Peter Schmeichel
67%
132 Brad Friedel
61%
141 David Seaman
61%
132 Tim Howard
61%
169 David James
56%
127 Hugo Lloris
56%
127 Joe Hart
50%
136 Pepe Reina
50%
113 Shay Given
50%
152 Mark Schwarzer
33%
137 Nigel Martyn
33%
No matching quizzes found
Score Distribution
Percent of People with Each Score
Percentile by Number Answered
Your Score History
You have not taken this quiz